REMIDIAL BIOLOGY [ 1.ST SEMESTER] (Record no. 8647)

MARC details
000 -LEADER
fixed length control field 00448nam a22001697a 4500
005 - DATE AND TIME OF LATEST TRANSACTION
control field 20240920130416.0
008 - FIXED-LENGTH DATA ELEMENTS--GENERAL INFORMATION
fixed length control field 240918b |||||||| |||| 00| 0 eng d
020 ## - INTERNATIONAL STANDARD BOOK NUMBER
ISBN 978-93-87093-41-6
041 ## - LANGUAGE CODE
Language code of text/sound track or separate title eng
082 ## - DEWEY DECIMAL CLASSIFICATION NUMBER
Classification number 571.4
100 ## - MAIN ENTRY--AUTHOR NAME
Personal name SHARMA.DR.K.K AND CHADHA, PROF. HINA
245 ## - TITLE STATEMENT
Title REMIDIAL BIOLOGY [ 1.ST SEMESTER]
260 ## - PUBLICATION, DISTRIBUTION, ETC. (IMPRINT)
Place of publication LUCKNOW
Name of publisher THAKUR PUBLICATION PVT.LTD
300 ## - PHYSICAL DESCRIPTION
Number of Pages 248;P
650 ## - SUBJECT ADDED ENTRY--TOPICAL TERM
Topical Term PHARMACY
General subdivision B.PHARMA
942 ## - ADDED ENTRY ELEMENTS (KOHA)
Koha item type Books
Holdings
Lost status Damaged status Collection code Home library Current library Shelving location Date acquired Source of acquisition Cost, normal purchase price Serial Enumeration / chronology Full call number Accession Number Koha item type
    PHARMACY JRU Library JRU Library SHELF-3-D 13/09/2024 PURCHASE 160.00 NEW ARRIVALS SHELF 571.4 28428 Books
    PHARMACY JRU Library JRU Library SHELF - 17 - I 13/09/2024 PURCHASE 160.00   571.4 28429 Books
    PHARMACY JRU Library JRU Library SHELF - 17 - I 13/09/2024 PURCHASE 160.00   571.4 28430 Books